| 000 | 00569nam a22001697a 4500 | ||
|---|---|---|---|
| 999 |
_c15675 _d15675 |
||
| 003 | AR-CdUCM | ||
| 008 | 190429b ||||| |||| 00| 0 spa d | ||
| 040 |
_aMUNICIPALIDAD PROVINCIAL DEL CUSCO _cBIBLIOTECA MUNICIPAL DEL CUSCO |
||
| 082 |
_aC / 338.1 / _bAM517 |
||
| 100 |
_aAmin, Samir _934821 |
||
| 245 |
_aPresentación a el capitalismo deforme a la nueva cuestión agraria de Kostas vergopoulus : _bdifusión 3 / |
||
| 260 |
_aCusco : _bCBC, _c1979. |
||
| 300 |
_a19 páginas ; _c21 cm. |
||
| 440 |
_aDebates Rurales _934822 |
||
| 942 |
_2ddc _cFOLLETOS |
||
| 945 | _awfj | ||